Mercer commentary on the Old Testament : (Record no. 6690)
[ view plain ]
| 000 -LEADER | |
|---|---|
| fixed length control field | 01460cam a2200385 a 4500 |
| 001 - CONTROL NUMBER | |
| control field | 238391 |
| 003 - CONTROL NUMBER IDENTIFIER | |
| control field | GBCCL |
| 005 - DATE AND TIME OF LATEST TRANSACTION | |
| control field | 20241126110609.0 |
| 008 - FIXED-LENGTH DATA ELEMENTS--GENERAL INFORMATION | |
| fixed length control field | 030916r20031995gau b 000 0 eng |
| 010 ## - | |
| -- | 2003277135 |
| 020 ## - INTERNATIONAL STANDARD BOOK NUMBER | |
| International Standard Book Number | 0865548633 |
| 020 ## - INTERNATIONAL STANDARD BOOK NUMBER | |
| International Standard Book Number | 9780865548633 |
| 035 ## - SYSTEM CONTROL NUMBER | |
| System control number | (OCoLC)ocm53175077 |
| 035 ## - SYSTEM CONTROL NUMBER | |
| System control number | (OCoLC)53175077 |
| 040 ## - CATALOGING SOURCE | |
| Original cataloging agency | DLC |
| Language of cataloging | eng |
| Transcribing agency | DLC |
| Modifying agency | BAKER |
| -- | BTCTA |
| -- | YDXCP |
| -- | BDX |
| -- | OCLCQ |
| -- | OCLCO |
| 049 ## - | |
| -- | LBBT |
| 050 00 - | |
| -- | BS1151.52 |
| -- | .M47 2003 |
| 082 04 - DEWEY DECIMAL CLASSIFICATION NUMBER | |
| Classification number | 220.7 |
| Item number | MER |
| 090 ## - LOCALLY ASSIGNED LC-TYPE CALL NUMBER (OCLC); LOCAL CALL NUMBER (RLIN) | |
| Classification number (OCLC) (R) ; Classification number, CALL (RLIN) (NR) | BS1151.52 |
| Local cutter number (OCLC) ; Book number/undivided call number, CALL (RLIN) | .M47 2003 |
| 245 00 - TITLE STATEMENT | |
| Title | Mercer commentary on the Old Testament : |
| Remainder of title | including the deuterocanonical literature / |
| Statement of responsibility, etc. | general editors, Watson E. Mills, Richard F. Wilson ; associate editors, Roger A. Bullard, Walter Harrelson, Edgar V. McKnight ; Mercer University Press editor, Edd Rowell. |
| 260 ## - PUBLICATION, DISTRIBUTION, ETC. | |
| Place of publication, distribution, etc. | Macon, Ga. : |
| Name of publisher, distributor, etc. | Mercer University Press, |
| Date of publication, distribution, etc. | 2003. |
| 300 ## - PHYSICAL DESCRIPTION | |
| Extent | xxii, 937 pages ; |
| Dimensions | 26 cm |
| 336 ## - CONTENT TYPE | |
| Content type term | text |
| Content type code | txt |
| Source | rdacontent |
| 337 ## - MEDIA TYPE | |
| Media type term | unmediated |
| Media type code | n |
| Source | rdamedia |
| 338 ## - CARRIER TYPE | |
| Carrier type term | volume |
| Carrier type code | nc |
| Source | rdacarrier |
| 500 ## - GENERAL NOTE | |
| General note | Originally published as part of the Mercer commentary on the Bible. 1995. |
| 504 ## - BIBLIOGRAPHY, ETC. NOTE | |
| Bibliography, etc. note | Includes bibliographical references. |
| 630 00 - SUBJECT ADDED ENTRY--UNIFORM TITLE | |
| Uniform title | Bible. |
| Name of part/section of a work | Old Testament |
| Form subdivision | Commentaries. |
| 9 (RLIN) | 1750 |
| 700 1# - ADDED ENTRY--PERSONAL NAME | |
| Personal name | Mills, Watson E. |
| 9 (RLIN) | 11954 |
| 700 1# - ADDED ENTRY--PERSONAL NAME | |
| Personal name | Bullard, Roger Aubrey. |
| 9 (RLIN) | 11955 |
| 700 1# - ADDED ENTRY--PERSONAL NAME | |
| Personal name | Harrelson, Walter J. |
| 9 (RLIN) | 11956 |
| 700 1# - ADDED ENTRY--PERSONAL NAME | |
| Personal name | McKnight, Edgar V. |
| 9 (RLIN) | 11957 |
| 710 2# - ADDED ENTRY--CORPORATE NAME | |
| Corporate name or jurisdiction name as entry element | Mercer University Press. |
| 9 (RLIN) | 11958 |
| 942 ## - ADDED ENTRY ELEMENTS (KOHA) | |
| Source of classification or shelving scheme | Dewey Decimal Classification |
| Koha item type | Reference Books |
| Withdrawn status | Lost status | Source of classification or shelving scheme | Damaged status | Not for loan | Home library | Current Library | Shelving location | Date acquired | Total checkouts | Full call number | Barcode | Date last seen | Copy number | Price effective from | Koha item type |
|---|---|---|---|---|---|---|---|---|---|---|---|---|---|---|---|
| Dewey Decimal Classification | GRACE BIBLE COLLEGE | GRACE BIBLE COLLEGE | Commentary | 2018-05-25 | 220.7 MER | 010077 | 2025-05-01 | c.1 | 2018-05-25 | Reference Books |